Biocatalysis or enzymatic catalysis (notice n° 1902760)
[ vue normale ]
| 000 -LEADER | |
|---|---|
| fixed length control field | 00517cam a2200157 4500500 |
| 005 - DATE AND TIME OF LATEST TRANSACTION | |
| control field | 20260329015957.0 |
| 041 ## - LANGUAGE CODE | |
| Language code of text/sound track or separate title | fre |
| 042 ## - AUTHENTICATION CODE | |
| Authentication code | dc |
| 100 10 - MAIN ENTRY--PERSONAL NAME | |
| Personal name | Combes, Didier |
| Relator term | author |
| 245 00 - TITLE STATEMENT | |
| Title | Biocatalysis or enzymatic catalysis |
| 260 ## - PUBLICATION, DISTRIBUTION, ETC. | |
| Date of publication, distribution, etc. | 2026.<br/> |
| 500 ## - GENERAL NOTE | |
| General note | 5 |
| 700 10 - ADDED ENTRY--PERSONAL NAME | |
| Personal name | Monsan, Pierre |
| Relator term | author |
| 786 0# - DATA SOURCE ENTRY | |
| Note | Green chemistry | - | 2026-03-05 | p. 5-5 |
| 856 41 - ELECTRONIC LOCATION AND ACCESS | |
| Uniform Resource Identifier | <a href="https://stm.cairn.info/process-intensification-and-sustainable-analysis-methods--bdti42493210-bio590-page-5?lang=en&redirect-ssocas=7080">https://stm.cairn.info/process-intensification-and-sustainable-analysis-methods--bdti42493210-bio590-page-5?lang=en&redirect-ssocas=7080</a> |
Pas d'exemplaire disponible.




Réseaux sociaux